Amid snowy wastes: Wild life on the Spitsbergen archipelago. With two maps and 114 illustrations from photographs by the author

-д хадгалсан:
Номзүйн дэлгэрэнгүй
Үндсэн зохиолч: Gordon, Seton (Зохиогч)
Формат: Ном
Хэл сонгох:англи
Хэвлэсэн: Londres Cassell and Company 1922
Хэвлэл:1a. ed
Нөхцлүүд:
Шошгууд: Шошго нэмэх
Шошго байхгүй, Энэхүү баримтыг шошголох эхний хүн болох!

MARC

LEADER 00000nam a2200000 a 4500
001 UCJ4382
003 CL-VaPUC
008 070124e19220000UK |||||||||||||||||eng|d
082 0 4 |a 910.4  |b GOR  |2 21 
100 0 |a Gordon, Seton  |e author  |9 507956 
245 1 0 |a Amid snowy wastes: Wild life on the Spitsbergen archipelago. With two maps and 114 illustrations from photographs by the author 
250 |a 1a. ed 
300 |a xiii, 205 p 
942 |c BK 
945 |d 20070124 00:00:00  |a rinostro 
260 |a Londres  |b Cassell and Company  |c 1922 
500 |a Numerosas fotografías y dos mapas 
650 0 |a Viajes  |9 257115 
650 0 |a Expediciones científicas  |9 265222 
650 7 |a FAUNA  |2 CL-VaPUC  |9 349523 
650 0 |a Aves  |9 262192 
650 7 |a FLORA  |2 CL-VaPUC  |9 264745 
650 0 |a Ilustraciones  |9 369481 
650 0 |a Mapas  |9 260844 
651 7 |a MAR DE BARENTS  |2 CL-VaPUC  |9 507957 
651 7 |a REGION ARTICA  |2 CL-VaPUC  |9 366377 
583 |a last modification  |c 20070124 00:00:00  |k Rodrigo Vera 
999 |c 320498  |d 320496 
952 |0 0  |1 0  |4 0  |6 910_400000000000000_GOR_1922  |7 0  |8 X  |9 399033  |a FDOBUD  |b FDOBUD  |d 2019-11-22  |i 1017500  |o 910.4 GOR 1922  |p 1017500  |r 2019-11-22  |w 2019-11-22  |y BK_X  |k BUD